[Event "GER Seniors Derby 09th"]
[Site "Wesel Undeloh"]
[Date "2010.04.11"]
[Round "7.19"]
[White "Schulz Tavares, Karl Detlef"]
[Black "Baumann, Bettina"]
[Result "0-1"]
[WhiteElo "1505"]
[BlackElo "1595"]
[PlyCount "50"]
[EventDate "2010.04.08"]
[EventType "swiss"]
[EventRounds "7"]
[EventCountry "GER"]
[SourceTitle "EXT 2022"]
[Source "ChessBase"]
[SourceDate "2021.10.06"]
[SourceVersion "1"]
[SourceVersionDate "2021.10.06"]
[SourceQuality "1"]

1. e4 c5 2. Nf3 Nc6 3. d4 cxd4 4. Nxd4 d6 5. Nc3 a6 6. Bc4 Nf6 7. Bg5 g6 8. Bxf6 exf6 9. Nxc6 bxc6 10. 0-0 Be7 11. Re1 0-0 12. Bd3 Be6 13. Ne2 Qb6 14. b3 Rad8 15. a4 d5 16. exd5 Bxd5 17. Nf4 Bc5 18. Rf1 Be4 19. Qc1 f5 20. Bc4 Bd4 21. Ra2 Bc3 22. Nd3 Rd4 23. Qe3 Qd8 24. Bxa6 Re8 25. Qg3 Bxg2 0-1

[Event "GER Seniors Derby 09th"]
[Site "Wesel Undeloh"]
[Date "2010.04.08"]
[Round "2.16"]
[White "Lochmann, Viktor"]
[Black "Schulz Tavares, Karl Detlef"]
[Result "0-1"]
[WhiteElo "1705"]
[BlackElo "1505"]
[PlyCount "70"]
[EventDate "2010.04.08"]
[EventType "swiss"]
[EventRounds "7"]
[EventCountry "GER"]
[SourceTitle "EXT 2022"]
[Source "ChessBase"]
[SourceDate "2021.10.06"]
[SourceVersion "1"]
[SourceVersionDate "2021.10.06"]
[SourceQuality "1"]

1. Nf3 Nc6 2. b3 e5 3. Bb2 d6 4. e3 a6 5. Be2 Nf6 6. d3 Be7 7. Nbd2 h6 8. c4 b6 9. a3 Bb7 10. Qc2 Qd7 11. d4 exd4 12. exd4 d5 13. Ne5 Qd6 14. 0-0 0-0 15. Bf3 Nd8 16. Qf5 Qe6 17. Qd3 c6 18. Rfe1 Qd6 19. Re2 Ne6 20. Rae1 Nf4 21. Qe3 Nxe2+ 22. Rxe2 Rae8 23. Qd3 Bd8 24. Nf1 Nd7 25. Ng3 Bf6 26. Nf5 Qc7 27. Nxh6+ gxh6 28. Qf5 Bxe5 29. dxe5 Re6 30. Bh5 Nc5 31. b4 Ne4 32. Qg4+ Kh8 33. f3 Rg8 34. Qf4 Ng5 35. h4 Nh3+ 0-1